000 00483nam a2200181Ia 4500
001 8187
005 20260306160550.0
008 260306t2017||||xx |||||||||||||| ||spa||
041 _aESP
082 _a370.15
_bB14
100 _aBadia, Antoni
_eAUT
245 0 _aDificultades de aprendizajes:
_bmatemáticas, lenguaje, ciencias naturales, y ciencias sociales
260 _c2017
300 _a341 páginas :
_c24 cm.
650 _aGEN
654 _aCED
942 _cLIB
_dJUS
_fJUS
_2ddc
_n
999 _c8187
_d8187